[Event "8th Asia-ch"]
[Site "Subic Bay Free Port PHI"]
[Date "2010.04.23"]
[Round "3"]
[White "Chan Wei Xuan, Timothy"]
[Black "Bui Vinh"]
[Result "1-0"]
[WhiteElo "2341"]
[BlackElo "2480"]
[EventDate "2010.04.21"]
[PlyCount "39"]

1.e4 c5 2.Nf3 e6 3.d4 cxd4 4.Nxd4 a6 5.Nc3 Ne7 6.Be3 Nbc6 7.Nb3 g6 8.Qd2 
b5 9.O-O-O Rb8 10.Bf4 e5 11.Bg5 Qc7 12.Nd5 Nxd5 13.exd5 Nb4 14.Kb1 Bb7 15.
Bf6 Rg8 16.d6 Qxc2+ 17.Qxc2 Nxc2 18.Kxc2 Be4+ 19.Kd2 Bxd6 20.Ke3 1-0

[Event "8th Asia-ch"]
[Site "Subic Bay Free Port PHI"]
[Date "2010.04.23"]
[Round "3"]
[White "Li Hanbin"]
[Black "Harika, Dronavalli"]
[Result "0-1"]
[WhiteElo "2330"]
[BlackElo "2473"]
[EventDate "2010.04.21"]
[PlyCount "94"]

1.e4 e5 2.Nf3 Nc6 3.Bc4 Bc5 4.c3 Nf6 5.d3 a6 6.Bb3 Ba7 7.Nbd2 O-O 8.Nf1 d5
9.Qe2 h6 10.Ng3 Be6 11.Bc2 dxe4 12.dxe4 b5 13.b3 b4 14.Bb2 bxc3 15.Bxc3 
Bg4 16.O-O Nh5 17.Nxh5 Bxh5 18.Qc4 Bxf3 19.Qxc6 Qg5 20.g3 Rad8 21.Bd1 Rxd1
22.Rfxd1 Qg4 23.Qd7 Bxd1 24.Rxd1 Qf3 25.Be1 Bd4 26.Rc1 c5 27.Qa4 h5 28.
Qxa6 h4 29.Qf1 hxg3 30.hxg3 Qxg3+ 31.Qg2 Qh4 32.Kf1 f5 33.exf5 Rxf5 34.
Qd5+ Kh7 35.Rc2 Qh3+ 36.Qg2 Qd3+ 37.Re2 Rf3 38.Qg4 Rf4 39.Qh5+ Kg8 40.Qe8+
Rf8 41.Qe6+ Kh8 42.Qg4 g6 43.Qe4 Qa6 44.f3 Rf4 45.Qd5 Qd3 46.Bf2 Rxf3 47.
Kg2 Rf8 0-1

[Event "8th Asia-ch"]
[Site "Subic Bay Free Port PHI"]
[Date "2010.04.23"]
[Round "3"]
[White "Wohl, Aleksandar"]
[Black "Yee Soon Wei"]
[Result "0-1"]
[WhiteElo "2441"]
[BlackElo "2209"]
[EventDate "2010.04.21"]
[PlyCount "69"]

1.e4 e5 2.Nf3 Nc6 3.Bb5 a6 4.Ba4 Nf6 5.O-O Be7 6.Bxc6 dxc6 7.Qe1 Nd7 8.b3 
O-O 9.Bb2 Bf6 10.d3 Re8 11.Nbd2 Nf8 12.Qe3 Ng6 13.Rad1 b6 14.Rfe1 c5 15.
Nf1 h6 16.c3 Bb7 17.Ng3 Nh4 18.Nxh4 Bxh4 19.d4 Bg5 20.Qf3 exd4 21.cxd4 Qf6
22.Qe2 cxd4 23.Rxd4 Qg6 24.Qg4 Bc8 25.Qe2 Be6 26.Nh5 f6 27.Ng3 Bf4 28.Rd3 
Bg4 29.Qc2 h5 30.h3 Be6 31.Qe2 h4 32.Nh5 Bd6 33.Qf3 Rad8 34.Red1 Bf7 35.e5
0-1

[Event "8th Asia-ch"]
[Site "Subic Bay Free Port PHI"]
[Date "2010.04.23"]
[Round "3"]
[White "De Ramos, Julius"]
[Black "Nguyen Thanh Son"]
[Result "0-1"]
[WhiteElo "2314"]
[BlackElo "2440"]
[EventDate "2010.04.21"]
[PlyCount "111"]

1.c4 Nf6 2.Nc3 g6 3.g3 Bg7 4.Bg2 O-O 5.d3 c5 6.Nf3 Nc6 7.O-O d6 8.a3 Bd7 
9.Rb1 a5 10.Bd2 Qc8 11.Re1 Bh3 12.Bh1 h6 13.Qc1 Kh7 14.Nb5 Qd7 15.Bc3 a4 
16.b4 axb3 17.Rxb3 e5 18.Qb1 Ng4 19.Bg2 Bxg2 20.Kxg2 f5 21.h3 Nf6 22.e3 
Rf7 23.Nd2 f4 24.exf4 exf4 25.d4 fxg3 26.fxg3 Raf8 27.Re2 cxd4 28.Nxd4 
Nxd4 29.Bxd4 Qc6+ 30.Kg1 Nh5 31.Bxg7 Qc5+ 32.Kh1 Nxg7 33.Qg1 Nf5 34.Rd3 
Qc7 35.Kh2 Re7 36.Rf2 Rfe8 37.Qg2 Qc5 38.Qf3 Qe5 39.Nb3 h5 40.Rd5 Qe3 41.
Nd4 Qxf3 42.Nxf3 Re2 43.Rxe2 Rxe2+ 44.Kg1 Re3 45.Kf2 Rxa3 46.g4 hxg4 47.
hxg4 Ne3 48.Rxd6 Nxg4+ 49.Kg2 Rb3 50.c5 Ne3+ 51.Kf2 Nf5 52.Rd7+ Kh6 53.Ne5
Kg5 54.c6 bxc6 55.Nxc6 Kf6 56.Rd6+ 0-1

[Event "8th Asia-ch"]
[Site "Subic Bay Free Port PHI"]
[Date "2010.04.23"]
[Round "3"]
[White "Olay, Edgar Reggie"]
[Black "Wan Yunguo"]
[Result "0-1"]
[WhiteElo "2304"]
[BlackElo "2424"]
[EventDate "2010.04.21"]
[PlyCount "78"]

1.d4 Nf6 2.c4 g6 3.Nc3 Bg7 4.e4 d6 5.f3 O-O 6.Be3 c5 7.dxc5 dxc5 8.Qxd8 
Rxd8 9.Bxc5 Nc6 10.Be3 Be6 11.Rc1 Rac8 12.b3 Nb4 13.a3 Nd3+ 14.Bxd3 Rxd3 
15.Ke2 Rcd8 16.Nh3 Ng4 17.Nd5 Bxd5 18.Kxd3 Bxe4+ 19.Ke2 Bd3+ 20.Kd2 Bf1+ 
21.Ke1 Bxg2 22.fxg4 Bxh1 23.Ke2 Bc6 24.Bxa7 Bb2 25.Rb1 Bxa3 26.b4 Bd7 27.
Nf2 Be6 28.c5 Ba2 29.Ra1 Bc4+ 30.Ke3 Bxb4 31.Ne4 Rd3+ 32.Kf2 Bd5 33.Ra4 
Rb3 34.Ng3 Rb2+ 35.Ke3 Bc6 36.Ra1 Rxh2 37.Ne2 e5 38.Rb1 Rh3+ 39.Kf2 Bd2 
0-1

[Event "8th Asia-ch"]
[Site "Subic Bay Free Port PHI"]
[Date "2010.04.23"]
[Round "3"]
[White "Ginting, Nasib"]
[Black "Mariano, Nelson"]
[Result "1-0"]
[WhiteElo "2397"]
[BlackElo "2118"]
[EventDate "2010.04.21"]
[PlyCount "115"]

1.d4 Nf6 2.c4 g6 3.Nf3 Bg7 4.g3 d6 5.Bg2 O-O 6.O-O c6 7.Nc3 Qa5 8.e4 e5 9.
d5 cxd5 10.cxd5 Bd7 11.Rb1 Na6 12.Bd2 Rac8 13.b4 Qc7 14.a3 Qc4 15.Re1 Bg4 
16.h3 Bxf3 17.Qxf3 Qd4 18.Red1 Ne8 19.Nb5 Qb6 20.a4 f5 21.Be3 Qd8 22.Qe2 
Ra8 23.a5 f4 24.Bxa7 Qd7 25.Rb3 Nac7 26.Nxc7 Nxc7 27.Bb6 Nb5 28.Qa2 Nd4 
29.Rc3 Qb5 30.Bxd4 exd4 31.Qc4 Qa4 32.Qb3 Qb5 33.Bf1 Qe8 34.Rc7 Qxe4 35.
Rxb7 Rac8 36.g4 f3 37.Qd3 Qxd5 38.Qb5 Qxb5 39.Bxb5 d3 40.Bxd3 Bd4 41.Be4 
Bc3 42.a6 Ra8 43.a7 Bxb4 44.Rxb4 Rxa7 45.Rb3 Kg7 46.Rxd6 Kh6 47.Bxf3 Kg5 
48.Kg2 Kh4 49.Rd4 Raf7 50.Rbd3 Rf6 51.Rd7 h6 52.R7d6 g5 53.Rxf6 Rxf6 54.
Rc3 Rf8 55.Rc6 Rh8 56.Be4 h5 57.gxh5 Kxh5 58.Bf3+ 1-0

[Event "8th Asia-ch"]
[Site "Subic Bay Free Port PHI"]
[Date "2010.04.23"]
[Round "3"]
[White "Wang Chen"]
[Black "Paulo, Bersamina"]
[Result "1-0"]
[WhiteElo "2390"]
[BlackElo "1927"]
[EventDate "2010.04.21"]
[PlyCount "113"]

1.e4 c5 2.Nf3 g6 3.c3 Bg7 4.d4 cxd4 5.cxd4 d5 6.e5 Bg4 7.Be2 Nc6 8.Be3 
Bxf3 9.Bxf3 e6 10.Nc3 Nge7 11.Qd2 Nf5 12.O-O O-O 13.Bg4 Nxe3 14.fxe3 Qh4 
15.Bh3 Bh6 16.Ne2 Qe4 17.Nf4 Ne7 18.Rae1 Rac8 19.Rf2 Rc7 20.g3 Rfc8 21.Bg2
Qc2 22.Qa5 Qc6 23.Qxa7 b5 24.Qa3 Qb7 25.Qd3 Rc4 26.Bf1 b4 27.Qb3 R4c6 28.
a3 Nf5 29.g4 Nh4 30.Qxb4 Rb6 31.Qd2 Rb3 32.Nd3 Qe7 33.h3 Qg5 34.Qd1 Rcb8 
35.Kh1 Qe7 36.Qc2 Bg5 37.Kh2 Qf8 38.a4 Qh6 39.Qc1 Qf8 40.Nc5 Rxe3 41.Rxe3 
Qh6 42.Rfe2 Nf3+ 43.Kh1 Rb4 44.Qc3 Rc4 45.Rxf3 Rxc3 46.bxc3 Bd8 47.Ref2 
Bh4 48.Rxf7 Bxf2 49.Rxf2 Qe3 50.Nd3 Qg5 51.a5 Qd8 52.a6 Qa5 53.Nb4 Qa1 54.
Kg2 Qxc3 55.a7 Qc8 56.Ra2 Qa8 57.Bb5 1-0

[Event "8th Asia-ch"]
[Site "Subic Bay Free Port PHI"]
[Date "2010.04.23"]
[Round "3"]
[White "Wang Li"]
[Black "Turqueza, Mari Joseph"]
[Result "1-0"]
[WhiteElo "2383"]
[BlackElo "2087"]
[EventDate "2010.04.21"]
[PlyCount "91"]

1.d4 Nf6 2.c4 e6 3.Nf3 b6 4.g3 Ba6 5.Qa4 Bb7 6.Bg2 c5 7.dxc5 Bxc5 8.O-O 
O-O 9.Nc3 a6 10.Rd1 Be7 11.Bf4 d6 12.Rac1 Qc7 13.Qb4 Ne8 14.Na4 Nd7 15.Qd2
Bc6 16.Nc3 Qb7 17.b4 b5 18.a4 bxc4 19.b5 axb5 20.axb5 Bxf3 21.Bxf3 Qc8 22.
Bxa8 Qxa8 23.e4 Nc5 24.Ra1 Qb7 25.Qc2 Nd3 26.Ra4 d5 27.exd5 exd5 28.Be3 
Bc5 29.Bxc5 Nxc5 30.Ra2 Nf6 31.Nxd5 Nce4 32.Nxf6+ gxf6 33.Qxc4 Ng5 34.Qc6 
Qe7 35.b6 Kg7 36.b7 Rb8 37.Rb1 Ne6 38.Qd5 Nc7 39.Qf3 h5 40.Ra5 Ne6 41.Ra8 
Nd4 42.Qd5 Ne2+ 43.Kg2 Nc3 44.Qf3 Nxb1 45.Rxb8 Qe5 46.Rh8 1-0

[Event "8th Asia-ch"]
[Site "Subic Bay Free Port PHI"]
[Date "2010.04.23"]
[Round "3"]
[White "Datu, Alcon John"]
[Black "Lu Yijie"]
[Result "1-0"]
[WhiteElo "2220"]
[BlackElo "2349"]
[EventDate "2010.04.21"]
[PlyCount "105"]

1.d4 Nf6 2.Nf3 g6 3.Bg5 Bg7 4.Nbd2 d6 5.c3 h6 6.Bh4 g5 7.Bg3 Nh5 8.e4 c5 
9.dxc5 Nxg3 10.hxg3 dxc5 11.Nb3 b6 12.Qxd8+ Kxd8 13.Bc4 e6 14.a4 Bb7 15.
Nfd2 Kc7 16.O-O Nc6 17.f4 Rhf8 18.Rf2 Rad8 19.Raf1 gxf4 20.gxf4 Ne7 21.Re1
Bc6 22.Bb5 h5 23.Nf3 Bf6 24.f5 Bxb5 25.axb5 exf5 26.e5 Bg7 27.Nbd2 Rd5 28.
Nc4 Rfd8 29.Ng5 Rd1 30.Rff1 Rxe1 31.Rxe1 Ng6 32.Nxf7 Re8 33.Nfd6 Re6 34.
Nxf5 Nxe5 35.Nxg7 Nf3+ 36.gxf3 Rxe1+ 37.Kf2 Rb1 38.f4 h4 39.Kg2 a6 40.f5 
axb5 41.f6 h3+ 42.Kxh3 Rf1 43.Ne3 Rh1+ 44.Kg2 Rh8 45.Kf3 Kd7 46.Kf4 b4 47.
cxb4 cxb4 48.Nef5 Rf8 49.Ke5 Rf7 50.Ne6 b3 51.Ng5 Rf8 52.f7 Kc6 53.Ne7+ 
1-0

[Event "8th Asia-ch"]
[Site "Subic Bay Free Port PHI"]
[Date "2010.04.23"]
[Round "3"]
[White "Legaspi, Rhobel"]
[Black "Lumancas, Lyndon"]
[Result "1-0"]
[WhiteElo "2314"]
[BlackElo "2289"]
[EventDate "2010.04.21"]
[PlyCount "125"]

1.e4 c5 2.Nf3 d6 3.d4 cxd4 4.Nxd4 Nf6 5.Nc3 a6 6.Bg5 e6 7.f4 Bd7 8.f5 exf5
9.Nxf5 Bxf5 10.exf5 Be7 11.Qf3 Nc6 12.O-O-O O-O 13.Bf4 h5 14.h3 h4 15.g4 
Nh7 16.Kb1 Rc8 17.Nd5 Bg5 18.Bh2 Ne5 19.Qf2 Re8 20.Bg2 Nc4 21.c3 b5 22.
Rhe1 Rxe1 23.Rxe1 a5 24.Bf4 Rb8 25.Bxg5 Qxg5 26.Qf4 Qxf4 27.Nxf4 b4 28.
cxb4 axb4 29.Bd5 Ne5 30.Rc1 Nf6 31.Bb3 Ne4 32.Rc7 Kf8 33.Bd5 Ng5 34.Kc2 
Rb5 35.Bg2 Rc5+ 36.Rxc5 dxc5 37.a4 bxa3 38.bxa3 Ke7 39.Kc3 Kd6 40.a4 Kc7 
41.Nd3 Nd7 42.a5 f6 43.Kc4 Nf7 44.Nxc5 Nde5+ 45.Kd5 Kb8 46.Ne6 g6 47.Nf4 
gxf5 48.gxf5 Ng5 49.Kd6 Nc4+ 50.Ke7 Nh7 51.Kf7 Ne3 52.Kg6 Nxg2 53.Nxg2 Ng5
54.Nf4 Ne4 55.Ng2 Ng5 56.Nxh4 Nxh3 57.Nf3 Kb7 58.Nd4 Ka6 59.Nb3 Nf4+ 60.
Kxf6 Kb5 61.Ke5 Nd3+ 62.Kd6 Nb4 63.f6 1-0

[Event "8th Asia-ch"]
[Site "Subic Bay Free Port PHI"]
[Date "2010.04.24"]
[Round "4"]
[White "Megaranto, Susanto"]
[Black "Li Chao"]
[Result "1/2-1/2"]
[WhiteElo "2527"]
[BlackElo "2613"]
[EventDate "2010.04.21"]
[PlyCount "65"]

1.e4 c5 2.Nf3 d6 3.d4 cxd4 4.Nxd4 Nf6 5.Nc3 g6 6.Be3 Bg7 7.f3 O-O 8.Qd2 
Nc6 9.O-O-O d5 10.exd5 Nxd5 11.Nxc6 bxc6 12.Bd4 Nxc3 13.Qxc3 Bh6+ 14.Be3 
Bxe3+ 15.Qxe3 Qb6 16.Qxe7 Be6 17.Qa3 Rad8 18.Bd3 Rd5 19.Rhe1 Rfd8 20.Qc3 
c5 21.Bf1 Rd4 22.Rxd4 cxd4 23.Qa3 Qc7 24.g3 Bf5 25.Bd3 Bxd3 26.Qxd3 Qa5 
27.Re4 Qxa2 28.Rxd4 Qa1+ 29.Kd2 Rf8 30.b3 Qg1 31.Kc3 Qa1+ 32.Kd2 Qg1 33.
Kc3 1/2-1/2

[Event "8th Asia-ch"]
[Site "Subic Bay Free Port PHI"]
[Date "2010.04.24"]
[Round "4"]
[White "Nguyen Anh Dung"]
[Black "Zhou Jianchao"]
[Result "1/2-1/2"]
[WhiteElo "2464"]
[BlackElo "2650"]
[EventDate "2010.04.21"]
[PlyCount "64"]

1.d4 Nf6 2.c4 c5 3.d5 g6 4.Nc3 Bg7 5.e4 d6 6.Be2 O-O 7.Nf3 e6 8.O-O exd5 
9.exd5 Re8 10.Bf4 Ne4 11.Nxe4 Rxe4 12.Bg3 Na6 13.Bd3 Re8 14.Qd2 Bg4 15.
Rae1 Bxf3 16.Rxe8+ Qxe8 17.gxf3 Qd7 18.Re1 Nc7 19.b4 Bd4 20.Kg2 Re8 21.Re4
Rxe4 22.fxe4 Ne8 23.bxc5 Bxc5 24.Qg5 Bd4 25.Be2 b6 26.h4 Bf6 27.Qg4 Qe7 
28.h5 Be5 29.hxg6 hxg6 30.f4 Bg7 31.Bd3 Qc7 32.Qe2 Qe7 1/2-1/2

[Event "8th Asia-ch"]
[Site "Subic Bay Free Port PHI"]
[Date "2010.04.24"]
[Round "4"]
[White "Nguyen Ngoc Truong Son"]
[Black "Bakre, Tejas"]
[Result "1/2-1/2"]
[WhiteElo "2642"]
[BlackElo "2465"]
[EventDate "2010.04.21"]
[PlyCount "75"]

1.c4 e5 2.Nc3 Nc6 3.g3 Nf6 4.Bg2 Bb4 5.Nf3 O-O 6.O-O Re8 7.d3 h6 8.Nh4 d6 
9.Na4 Bc5 10.Nxc5 dxc5 11.Bxc6 bxc6 12.Be3 Bh3 13.Ng2 Qd6 14.f3 Nd7 15.Qd2
Nf8 16.Rf2 Ne6 17.f4 Nd4 18.fxe5 Qxe5 19.Re1 Bxg2 20.Bxd4 cxd4 21.Kxg2 Re7
22.Qf4 Rae8 23.Qxe5 Rxe5 24.b4 a5 25.a3 axb4 26.axb4 c5 27.bxc5 Rxc5 28.
Rf4 Rd8 29.e3 dxe3 30.Rxe3 f5 31.Ref3 g6 32.g4 fxg4 33.Rxg4 Kg7 34.Re4 Rd7
35.Re6 Rf7 36.Rg3 Rf6 37.Re7+ Rf7 38.Re6 1/2-1/2

[Event "8th Asia-ch"]
[Site "Subic Bay Free Port PHI"]
[Date "2010.04.24"]
[Round "4"]
[White "Zhou Weiqi"]
[Black "Lou Yiping"]
[Result "1-0"]
[WhiteElo "2584"]
[BlackElo "2429"]
[EventDate "2010.04.21"]
[PlyCount "79"]

1.d4 Nf6 2.c4 g6 3.Nc3 d5 4.Bg5 Ne4 5.Bh4 Nxc3 6.bxc3 dxc4 7.e3 Be6 8.Nf3 
Bg7 9.Qb1 b6 10.Be2 O-O 11.O-O h6 12.Rd1 c6 13.a4 a6 14.Qb4 Re8 15.Bxc4 a5
16.Qb3 Bxc4 17.Qxc4 Qd5 18.Qd3 f5 19.Rab1 Nd7 20.c4 Qf7 21.Bg3 Rac8 22.h4 
c5 23.d5 Qf6 24.Bf4 Rf8 25.g3 Rf7 26.Rb3 e5 27.dxe6 Qxe6 28.Qd5 Rc6 29.
Rbd3 Qxd5 30.Rxd5 Nf8 31.Ne5 Bxe5 32.Rxe5 Kh7 33.Re8 Re6 34.Rc8 g5 35.hxg5
hxg5 36.Bxg5 Re4 37.Rd6 Nd7 38.Bf4 Nf6 39.Rxb6 Rxc4 40.Be5 1-0

[Event "8th Asia-ch"]
[Site "Subic Bay Free Port PHI"]
[Date "2010.04.24"]
[Round "4"]
[White "Barbosa, Oliver"]
[Black "Ghaem Maghami, Ehsan"]
[Result "1/2-1/2"]
[WhiteElo "2452"]
[BlackElo "2575"]
[EventDate "2010.04.21"]
[PlyCount "126"]

1.Nf3 Nf6 2.g3 d5 3.Bg2 c6 4.c4 e6 5.d4 Bb4+ 6.Bd2 Be7 7.Qc2 O-O 8.O-O 
Nbd7 9.Bf4 b6 10.Nbd2 Bb7 11.e4 c5 12.dxc5 Nxc5 13.exd5 exd5 14.Nd4 Qd7 
15.Nf5 Rfe8 16.Rad1 Rac8 17.Nf3 Qa4 18.b3 Qa6 19.Rfe1 Bf8 20.Rxe8 Rxe8 21.
Ne5 dxc4 22.Qxc4 Qxc4 23.Nxc4 Bxg2 24.Kxg2 Nfe4 25.Be3 g6 26.Nh6+ Kg7 27.
b4 Ne6 28.Ne5 N6g5 29.f4 Kxh6 30.fxg5+ Kg7 31.Nc6 Re6 32.b5 Kg8 33.Rd8 Nd6
34.Bf4 Nxb5 35.Ne5 Kg7 36.Rd7 Re7 37.Rd3 Re6 38.Rd7 Re7 39.Rd8 Re6 40.Ng4 
Be7 41.Ra8 f6 42.h4 h5 43.gxh6+ Kh7 44.a4 Nc3 45.Rxa7 Nd5 46.Bc1 Kg8 47.
Kf3 f5 48.Nf2 Rc6 49.Nd3 Bf6 50.Bg5 Bxg5 51.hxg5 Rc3 52.Ke2 Rc2+ 53.Ke1 
Rc7 54.Ra8+ Kh7 55.Rb8 Nc3 56.Nf4 Re7+ 57.Kf1 Ne4 58.Rh8+ Kxh8 59.Nxg6+ 
Kh7 60.Nxe7 Nxg3+ 61.Ke1 Ne4 62.Nd5 Nxg5 63.Nxb6 Ne6 1/2-1/2

[Event "8th Asia-ch"]
[Site "Subic Bay Free Port PHI"]
[Date "2010.04.24"]
[Round "4"]
[White "Sharavdorj, Dashzeveg"]
[Black "Antonio, Rogelio jr"]
[Result "1/2-1/2"]
[WhiteElo "2443"]
[BlackElo "2572"]
[EventDate "2010.04.21"]
[PlyCount "123"]

1.d4 Nf6 2.c4 e6 3.Nf3 Bb4+ 4.Bd2 Qe7 5.g3 Nc6 6.Nc3 Bxc3 7.Bxc3 a5 8.Bg2 
d6 9.O-O O-O 10.d5 Nd8 11.dxe6 Nxe6 12.Qc2 Nc5 13.Rfe1 Nfe4 14.Nd4 Re8 15.
f3 Nxc3 16.Qxc3 f5 17.Qd2 Bd7 18.e3 Qf6 19.Re2 a4 20.Rc1 h6 21.b4 axb3 22.
axb3 Ra3 23.Rb1 Kh8 24.Bf1 Rea8 25.b4 Ne6 26.Nxe6 Bxe6 27.Ree1 Ra2 28.Qd4 
Qf7 29.c5 dxc5 30.bxc5 Bd5 31.Be2 Qe6 32.Qf4 R2a4 33.e4 fxe4 34.Bb5 Rd4 
35.fxe4 Rxe4 36.Rxe4 Qxe4 37.Qxe4 Bxe4 38.Re1 Bf5 39.c6 bxc6 40.Bxc6 Ra6 
41.Rc1 Ra7 42.h4 g6 43.Kf2 Kg7 44.Bf3 h5 45.Ke3 Kf6 46.Kf4 Bd7 47.Be4 Be8 
48.Rc4 Bd7 49.Ke3 Ra3+ 50.Kf2 Ra7 51.Ke3 g5 52.hxg5+ Kxg5 53.Rc5+ Kh6 54.
Bf3 Be8 55.Rc4 Bg6 56.Rc6 Ra3+ 57.Kf4 Ra4+ 58.Ke3 Ra3+ 59.Kf4 Ra4+ 60.Ke3 
Kg5 61.Rxc7 Ra3+ 62.Kf2 1/2-1/2

[Event "8th Asia-ch"]
[Site "Subic Bay Free Port PHI"]
[Date "2010.04.24"]
[Round "4"]
[White "Gao Rui"]
[Black "Gupta, Abhijeet"]
[Result "0-1"]
[WhiteElo "2464"]
[BlackElo "2560"]
[EventDate "2010.04.21"]
[PlyCount "132"]

1.e4 e5 2.Nf3 Nc6 3.Bb5 Nf6 4.O-O Nxe4 5.d4 Nd6 6.Bxc6 dxc6 7.dxe5 Nf5 8.
Qxd8+ Kxd8 9.Nc3 Ke8 10.h3 b6 11.Re1 Bb4 12.Bd2 Be6 13.Rad1 Rd8 14.a3 Bxc3
15.Bxc3 Bd5 16.Nd4 Nxd4 17.Rxd4 Ke7 18.b4 Be6 19.Red1 Bf5 20.Rxd8 Rxd8 21.
Rxd8 Kxd8 22.f4 Bxc2 23.Kf2 Kd7 24.Ke3 Ke6 25.Kd4 Bb3 26.g3 Bd5 27.Bb2 Bg2
28.h4 h5 29.Bc3 g6 30.Bd2 Bh3 31.Bc3 Kd7 32.Bd2 Bf5 33.Bc3 Kc8 34.Kc4 Be6+
35.Kd3 Kb7 36.Kc2 Ka6 37.a4 Kb7 38.Bd2 Kc8 39.Be3 Kd7 40.Kc3 Bg4 41.Kd4 
Bd1 42.a5 Bg4 43.Kc3 Kc8 44.e6 Bxe6 45.Bd4 Kb7 46.Be5 c5 47.bxc5 bxa5 48.
Bf6 Ka6 49.Be5 Kb7 50.Bf6 Bd5 51.Bd4 Kc6 52.Be5 a6 53.Kb2 a4 54.Ka3 Bb3 
55.Kb2 Kd7 56.Kc3 c6 57.Kd4 Ke6 58.Ke4 Bc2+ 59.Kd4 a3 60.Kc3 Bb1 61.Kc4 a2
62.Bc3 Kf5 63.Kb3 Kg4 64.Be5 Kxg3 65.f5+ Kxh4 66.fxg6 fxg6 0-1

[Event "8th Asia-ch"]
[Site "Subic Bay Free Port PHI"]
[Date "2010.04.24"]
[Round "4"]
[White "Darini, Pouria"]
[Black "Djao Thien Hai"]
[Result "1/2-1/2"]
[WhiteElo "2398"]
[BlackElo "2523"]
[EventDate "2010.04.21"]
[PlyCount "138"]

1.e4 c5 2.Nf3 d6 3.d4 cxd4 4.Nxd4 Nf6 5.Nc3 a6 6.Bg5 e6 7.f4 Be7 8.Qf3 
Nbd7 9.O-O-O Qc7 10.Bd3 h6 11.Bh4 g5 12.fxg5 Ne5 13.Qe2 Nfg4 14.Nf3 hxg5 
15.Bg3 Bd7 16.h3 Nxf3 17.hxg4 Rxh1 18.Rxh1 Nh4 19.Rf1 Qc5 20.e5 d5 21.Bf2 
Qc7 22.g3 Ng6 23.Bd4 Nh8 24.Rh1 O-O-O 25.Rh7 Kb8 26.Qf2 Rg8 27.Qh2 Qd8 28.
Bg1 Bc6 29.Qf2 Kc8 30.Ne2 Qc7 31.Qh2 Qd8 32.Nd4 Bd7 33.Qe2 Qc7 34.Nb3 Be8 
35.Bd4 Ng6 36.Qe3 Nf8 37.Bb6 Qb8 38.Rh1 Nd7 39.Bd4 Bd8 40.Kb1 b5 41.a4 Bc7
42.axb5 axb5 43.Re1 Nb6 44.Nc5 Bd8 45.Qe2 Nc4 46.b3 Rh8 47.c3 Qa8 48.bxc4 
bxc4 49.Bc2 Qa3 50.Bd1 Be7 51.Ne4 Bc6 52.Qb2 Qxb2+ 53.Kxb2 dxe4 54.Bc2 Rh2
55.Kc1 Kd7 56.Kd1 Rg2 57.Re3 Kc7 58.Bxe4 Bxe4 59.Rxe4 Kc6 60.Re3 Bc5 61.
Bxc5 Kxc5 62.Ke1 Kd5 63.Kd1 Ra2 64.Ke1 Rb2 65.Kd1 f6 66.exf6 Rf2 67.Re2 
Rxf6 68.Rd2+ Kc5 69.Re2 Kd5 1/2-1/2

[Event "8th Asia-ch"]
[Site "Subic Bay Free Port PHI"]
[Date "2010.04.24"]
[Round "4"]
[White "Gomez, John Paul"]
[Black "Golizadeh, Asghar"]
[Result "1/2-1/2"]
[WhiteElo "2507"]
[BlackElo "2454"]
[EventDate "2010.04.21"]
[PlyCount "108"]

1.e4 c5 2.Nc3 a6 3.g3 e6 4.Bg2 b5 5.d3 Bb7 6.f4 Nf6 7.Nf3 d5 8.e5 Nfd7 9.
O-O Nc6 10.f5 Be7 11.fxe6 fxe6 12.Bh3 b4 13.Ne2 Ncxe5 14.Nf4 Nxf3+ 15.Qxf3
O-O 16.Bxe6+ Kh8 17.Qh5 Rf6 18.Bxd5 Qb6 19.Be3 Raf8 20.Bxb7 Qxb7 21.Qd5 
Qc8 22.Rae1 Rf5 23.Qe6 R8f6 24.Qe4 Qf8 25.Qg2 Qf7 26.g4 Re5 27.Nh5 Rxf1+ 
28.Rxf1 Qe8 29.Bf4 Re6 30.Qd5 Re2 31.Ng3 Nb6 32.Qf3 Re6 33.Bg5 Nd7 34.Bxe7
Rxe7 35.Ne4 h6 36.Qf5 Qb8 37.Nxc5 Re2 38.Rf2 Re1+ 39.Kg2 Nf6 40.Ne4 Qa8 
41.Kh3 Nxe4 42.Qf8+ Qxf8 43.Rxf8+ Kh7 44.dxe4 Re3+ 45.Kg2 Rxe4 46.Kg3 Re3+
47.Rf3 Re2 48.Rf2 Re3+ 49.Kf4 Re1 50.a3 Rb1 51.axb4 Rxb2 52.Ke5 Rxb4 53.
Kd5 Rb2 54.Kc4 Kg6 1/2-1/2

[Event "8th Asia-ch"]
[Site "Subic Bay Free Port PHI"]
[Date "2010.04.24"]
[Round "4"]
[White "Lu Shanglei"]
[Black "Toufighi, Homayoon"]
[Result "0-1"]
[WhiteElo "2340"]
[BlackElo "2491"]
[EventDate "2010.04.21"]
[PlyCount "96"]

1.e4 e6 2.d4 d5 3.Nc3 Bb4 4.a3 Bxc3+ 5.bxc3 Ne7 6.exd5 exd5 7.Bd3 Bf5 8.
Qf3 Qd7 9.Ne2 Nbc6 10.O-O O-O-O 11.Ng3 Bxd3 12.cxd3 f5 13.Re1 h6 14.Ra2 g5
15.Nh5 Ng6 16.Nf6 Nh4 17.Qe2 Qg7 18.Qe6+ Kb8 19.Nh5 Qh7 20.Nf6 Qg7 21.Ne8 
Qf8 22.Nf6 Qg7 23.Rae2 f4 24.Nxd5 f3 25.Rb2 Rd6 26.Qe4 fxg2 27.Ne7 Qxe7 
28.Qxe7 Nxe7 29.Rxe7 Kc8 30.Be3 Ra6 31.Rb3 Rf8 32.d5 Raf6 33.Rb2 b6 34.Re4
Rd8 35.c4 c6 36.Re7 cxd5 37.Rxa7 d4 38.Bd2 Re8 39.Ra8+ Kd7 40.Ra7+ Kc6 41.
Bb4 Re3 42.c5 Rf4 43.Rh7 Nf3+ 44.Kxg2 Rg4+ 45.Kh3 Rg1 46.Rxh6+ Kb7 47.
Rxb6+ Ka7 48.Rg6 Re7 0-1

[Event "8th Asia-ch"]
[Site "Subic Bay Free Port PHI"]
[Date "2010.04.24"]
[Round "4"]
[White "Macala, Allan"]
[Black "Tu Hoang Thong"]
[Result "1-0"]
[WhiteElo "2283"]
[BlackElo "2483"]
[EventDate "2010.04.21"]
[PlyCount "129"]

1.d4 c5 2.e3 Nf6 3.Nf3 g6 4.c4 Bg7 5.Nc3 O-O 6.Be2 d5 7.O-O dxc4 8.Bxc4 
Nbd7 9.b3 a6 10.a4 cxd4 11.Nxd4 e5 12.Nf3 e4 13.Nd4 Qa5 14.Qc2 Re8 15.Bd2 
Qh5 16.Nce2 Ne5 17.f3 Nxc4 18.Qxc4 exf3 19.Rxf3 Bg4 20.Ng3 Qe5 21.Rf2 Rac8
22.Qd3 h5 23.Re1 h4 24.Nf1 h3 25.Ng3 hxg2 26.Bc3 Nd5 27.Bb2 Nb4 28.Qd2 Nc2
29.Rb1 Red8 30.Rf4 Nxe3 31.Re4 Nf1 32.Qxg2 Qc5 33.Kxf1 Bxd4 34.Rxg4 Bxb2 
35.Qxb2 Qe3 36.Re4 Qf3+ 37.Kg1 Rc3 38.Rbe1 f5 39.Re6 Kh7 40.b4 Rdd3 41.Qe2
Qf4 42.Nf1 Qxb4 43.Qg2 Qg4 44.Qxg4 fxg4 45.Re7+ Kh6 46.Rxb7 Rd4 47.Rb6 
Rxa4 48.Ree6 a5 49.Rxg6+ Kh7 50.Rge6 Rc7 51.Kg2 Rf7 52.Ne3 Ra2+ 53.Kg3 a4 
54.Nxg4 a3 55.Ra6 Ra1 56.Kh4 a2 57.Re2 Rg1 58.Rexa2 Rf4 59.Rh6+ Kg7 60.
Ra7+ Kg8 61.h3 Rgf1 62.Rc6 Rf8 63.Rcc7 Rd8 64.Rh7 Rd6 65.Nh6+ 1-0

[Event "8th Asia-ch"]
[Site "Subic Bay Free Port PHI"]
[Date "2010.04.24"]
[Round "4"]
[White "Le Quang Liem"]
[Black "Neelotpal, Das"]
[Result "1/2-1/2"]
[WhiteElo "2689"]
[BlackElo "2445"]
[EventDate "2010.04.21"]
[PlyCount "63"]

1.Nf3 Nf6 2.c4 e6 3.g3 d5 4.d4 dxc4 5.Bg2 Bb4+ 6.Bd2 a5 7.O-O Nc6 8.Bg5 h6
9.Bxf6 Qxf6 10.e3 e5 11.a3 Bd6 12.d5 Ne7 13.Nfd2 O-O 14.Nc3 Bd7 15.Nxc4 b5
16.Nxd6 cxd6 17.Qd3 Rfb8 18.Rfc1 Nc8 19.b4 Nb6 20.Bf1 Nc4 21.Qd1 Rc8 22.
Qe1 axb4 23.axb4 Rxa1 24.Rxa1 Qg6 25.e4 Qg5 26.h4 Qd2 27.Qxd2 Nxd2 28.Bxb5
Bxb5 29.Nxb5 Nxe4 30.Ra6 Rb8 31.Nxd6 Nxd6 32.Rxd6 1/2-1/2

[Event "8th Asia-ch"]
[Site "Subic Bay Free Port PHI"]
[Date "2010.04.24"]
[Round "4"]
[White "Kidambi, Sundararajan"]
[Black "Senador, Emmanuel"]
[Result "1/2-1/2"]
[WhiteElo "2520"]
[BlackElo "2401"]
[EventDate "2010.04.21"]
[PlyCount "64"]

1.d4 d5 2.c4 e6 3.Nf3 c5 4.cxd5 exd5 5.g3 Nc6 6.Bg2 Nf6 7.O-O Be7 8.Nc3 
O-O 9.Bg5 cxd4 10.Nxd4 h6 11.Be3 Na5 12.Qc2 Bg4 13.Rad1 Rc8 14.Nf5 Bb4 15.
Bd4 Re8 16.Ne3 Be6 17.Qa4 Bxc3 18.Bxc3 Nc6 19.Qf4 Nh5 20.Qf3 Qg5 21.g4 
Rcd8 22.gxh5 d4 23.Bd2 dxe3 24.Bxe3 Qh4 25.Qg3 Qxh5 26.Bf3 Qh3 27.b3 a6 
28.Bb6 Rxd1 29.Rxd1 Qf5 30.Kh1 f6 31.Be3 Kh7 32.Qg2 Rf8 1/2-1/2

[Event "8th Asia-ch"]
[Site "Subic Bay Free Port PHI"]
[Date "2010.04.24"]
[Round "4"]
[White "Nolte, Rolando"]
[Black "Wen Yang"]
[Result "1/2-1/2"]
[WhiteElo "2420"]
[BlackElo "2520"]
[EventDate "2010.04.21"]
[PlyCount "109"]

1.e4 e5 2.Nf3 Nc6 3.d4 exd4 4.Nxd4 Bc5 5.Nxc6 Qf6 6.Qf3 bxc6 7.Nd2 d6 8.
Nb3 Bb6 9.a4 a5 10.Bd3 Qxf3 11.gxf3 Be6 12.Be3 Bxe3 13.fxe3 Bxb3 14.cxb3 
Rb8 15.Bc4 Ne7 16.O-O-O O-O 17.Kc2 Rfd8 18.Rd2 Kf8 19.h4 Rb4 20.Rg1 h6 21.
h5 Rdb8 22.f4 f5 23.Rdg2 d5 24.exd5 cxd5 25.Bb5 c6 26.Bd3 Rxb3 27.Rxg7 
Rxb2+ 28.Kc1 Ra2 29.Bc2 Ra1+ 30.Kd2 Rxg1 31.Rxg1 Kf7 32.Kc3 Rb4 33.Re1 Ke6
34.Rg1 Kf6 35.Rd1 c5 36.Bb3 Ke6 37.Rg1 Re4 38.Kd2 Kf6 39.Rc1 Rb4 40.Kc3 
Rb8 41.Rg1 Rd8 42.Rg2 d4+ 43.exd4 Rxd4 44.Re2 Re4 45.Rxe4 fxe4 46.Kc4 e3 
47.Kd3 Nf5 48.Bd1 Nd4 49.Kxe3 Kf5 50.Kd3 Kxf4 51.Kc4 Ke5 52.Kxc5 Ne6+ 53.
Kb5 Kd4 54.Bg4 Nc5 55.Kxa5 1/2-1/2

[Event "8th Asia-ch"]
[Site "Subic Bay Free Port PHI"]
[Date "2010.04.24"]
[Round "4"]
[White "Florendo, Paulo James"]
[Black "Khamrakulov, Dzhurabek"]
[Result "1/2-1/2"]
[WhiteElo "2262"]
[BlackElo "2509"]
[EventDate "2010.04.21"]
[PlyCount "95"]

1.c4 e5 2.Nc3 Nf6 3.g3 d5 4.cxd5 Nxd5 5.Bg2 Nb6 6.Nf3 Nc6 7.d3 Be7 8.O-O 
O-O 9.a3 Re8 10.b4 Bf8 11.Bb2 a5 12.b5 Nd4 13.a4 Bg4 14.Nd2 Qc8 15.Re1 Bb4
16.Rc1 Rd8 17.Nce4 Nd5 18.Nc5 b6 19.Nce4 Qd7 20.Rc4 Ne7 21.Ng5 Ra7 22.h3 
Bh5 23.Bxd4 exd4 24.Rf1 f6 25.Ngf3 Bc3 26.Nb3 Bf7 27.Rxd4 Bxd4 28.Nfxd4 
Bd5 29.Bxd5+ Qxd5 30.Qc2 Rd7 31.Rc1 Ra8 32.Qc4 Rc8 33.Qxd5+ Nxd5 34.Kg2 
Rd6 35.e3 Kf7 36.Nd2 g6 37.g4 h5 38.f4 Rd7 39.N2f3 Rcd8 40.Kf2 Re8 41.Re1 
hxg4 42.hxg4 Nb4 43.Rd1 Rd6 44.g5 Nd5 45.Re1 Nc3 46.Ra1 Nd5 47.Re1 Nc3 48.
Ra1 1/2-1/2